| 000 | 01230nam0a22003251 4500 | ||
|---|---|---|---|
| 001 | RU\INFOCOMM_322\NLR\5000101979 | ||
| 005 | 20250613103256.0 | ||
| 035 | _a(NLR Aleph) 009462456 | ||
| 090 |
_a8475504 _c8475504 |
||
| 100 | _a20121211d1971 |||y0rusy50 ca | ||
| 101 | 0 | _ager | |
| 102 | _aRU | ||
| 105 | _ay z ||||| | ||
| 200 | 1 |
_aIm Kampf für die Interessen der Völker _eKommunisten - die Vorhut der antiimperialistischen Kräfte _fVitali Korionow |
|
| 210 |
_aM. _cAPN-Verl. _d1971 |
||
| 215 |
_a121 с. _d16 см |
||
| 300 | _aНа обл. авт. не указан | ||
| 300 | _aНа обороте тит. л.: В. Корионов. В борьбе за интересы народов | ||
| 606 | 0 |
_aМеждународное коммунистическое движение _2nlr_sh1 |
|
| 606 | 0 |
_aАнтиимпериалистическое движение _z1945- _2nlr_sh1 |
|
| 620 | _aМосква | ||
| 686 |
_aТ3(0)63-40 _2rubbk |
||
| 686 |
_aФы(0)63 _2rubbk |
||
| 700 | 1 |
_9z02790 _aKorionov _bV. G. _f1917- _gVitalij Germanovič |
|
| 790 | 1 |
_9z02700 _aKorionow _bV. _gVitali _4070 |
|
| 801 | 1 |
_aRU _bNLR _c20121211 |
|
| 801 | 0 |
_aRU _bINFOCOMM _gPSBO |
|
| 852 |
_aNLR _jИ25 Д-1/40 |
||
| 942 | _cBOOK | ||
| 980 | _aNB | ||